Corporate Social Responsibility Disclosure and Firm Performance: Evidence From Vietnam
Spoločenská zodpovednosť podnikov (Corporate social responsibility) ako nový pojem pre podnikanie a spoločnosť vo Vietname. Informácie o spoločenskej zodpovednosti podnikov a záväzok firiem k etickému správaniu v jej činnostiach a dobrej povesti. Zverejnenie informácií o spoločenskej zodpovednosti p...
Gespeichert in:
| 1. Verfasser: | |
|---|---|
| Weitere Verfasser: | |
| Format: | Buchkapitel |
| Sprache: | Englisch |
| Schlagworte: | |
| Tags: |
Keine Tags, Fügen Sie das erste Tag hinzu!
|
MARC
| LEADER | 00000naa a2200000 4500 | ||
|---|---|---|---|
| 001 | 0287711 | ||
| 005 | 20220914084142.5 | ||
| 041 | 0 | |a eng | |
| 044 | |a UA | ||
| 245 | 1 | 0 | |a Corporate Social Responsibility Disclosure and Firm Performance: Evidence From Vietnam |c Ngoc Mai Tran, Manh Ha Tran |
| 520 | |a Spoločenská zodpovednosť podnikov (Corporate social responsibility) ako nový pojem pre podnikanie a spoločnosť vo Vietname. Informácie o spoločenskej zodpovednosti podnikov a záväzok firiem k etickému správaniu v jej činnostiach a dobrej povesti. Zverejnenie informácií o spoločenskej zodpovednosti podnikov a vplyv na výkonnosť podnikov. Vplyv pandémie Covid-19 na spoločenskú zodpovednosť podnikov. | ||
| 610 | 2 | 0 | |a zodpovednosť podniku spoločenská |
| 610 | 2 | 0 | |a výkonnosť podniku |
| 610 | 2 | 0 | |a reputácia podniku |
| 610 | 2 | 0 | |a pandémia |
| 610 | 2 | 0 | |a koronavírus |
| 610 | 2 | 0 | |a Vietnam |
| 100 | 1 | |a Tran, Ngoc Mai | |
| 700 | 1 | |a Tran, Manh Ha | |